ბათუმის შოთა რუსთაველის სახელმწიფო უნივერსიტეტის ბიბლიოთეკა

LEAN HIGHER EDUCATION. (ბიბ.ჩანაწერი № 44302)

000 -LEADER
fixed length control field 00907nam a2200253Ia 4500
001 - CONTROL NUMBER
control field 11060
003 - CONTROL NUMBER IDENTIFIER
control field GE_BSU
005 - DATE AND TIME OF LATEST TRANSACTION
control field 20221117115957.0
008 - FIXED-LENGTH DATA ELEMENTS--GENERAL INFORMATION
fixed length control field 181216s2009en xx |||||||||||||| ||eng||
020 ## - INTERNATIONAL STANDARD BOOK NUMBER
International Standard Book Number 9781439814659(pbk...alk.paper) x
040 ## - CATALOGING SOURCE
Transcribing agency GE_BSU
041 ## - LANGUAGE CODE
Language code of text/sound track or separate title eng
080 ## - UNIVERSAL DECIMAL CLASSIFICATION NUMBER
Universal Decimal Classification number 378.1 A 18
100 ## - MAIN ENTRY--PERSONAL NAME
Personal name Balzer,William k.
9 (RLIN) 15887
245 ## - TITLE STATEMENT
Title LEAN HIGHER EDUCATION.
Remainder of title Increasing the Value and Performance of University Processes /
Statement of responsibility, etc. GARCIA, CLAVDIA M, TERESA A. FLORES : EDITORS.
264 ## - PRODUCTION, PUBLICATION, DISTRIBUTION, MANUFACTURE, AND COPYRIGHT NOTICE
Place of production, publication, distribution, manufacture New York :
Name of producer, publisher, distributor, manufacturer CRC Press,
Date of production, publication, distribution, manufacture, or copyright notice 2010.
300 ## - PHYSICAL DESCRIPTION
Extent 292 p.:
Other physical details 25 cm.
653 ## - INDEX TERM--UNCONTROLLED
keyword LEAN HIGHER EDUCATION.
653 ## - INDEX TERM--UNCONTROLLED
keyword უმაღლესი განათლება.
653 ## - INDEX TERM--UNCONTROLLED
keyword ტემპუსის პროექტით
700 ## - ADDED ENTRY--PERSONAL NAME
Personal name CLAVDIA M. GARCIA,
Relator term რედაქტორი
9 (RLIN) 15888
700 ## - ADDED ENTRY--PERSONAL NAME
Personal name FLORES, TERESA A.
Relator term რედაქტორი
9 (RLIN) 15889
942 ## - ADDED ENTRY ELEMENTS (KOHA)
Koha item type წიგნი
Source of classification or shelving scheme
ეგზემპლარები
Withdrawn status Lost status Source of classification or shelving scheme Damaged status Not for loan Permanent Location Current Location Shelving location Date acquired Cost, normal purchase price Full call number Barcode Date last seen Copy number Price effective from Koha item type Public note
          ბათუმის შოთა რუსთაველის სახელმწიფო უნივერსიტეტის მთავარი ბიბლიოთეკა ბათუმის შოთა რუსთაველის სახელმწიფო უნივერსიტეტის მთავარი ბიბლიოთეკა წიგნსაცავი 2018-12-17 196.00 378.1 A 18 35443 2018-12-17 35443 2018-12-17 წიგნი 196Gel.